| 000 | 00580nam a2200217 u 4500 | ||
|---|---|---|---|
| 005 | 20230803063537.0 | ||
| 008 | 170207s2009 ve r 000 0 spa d | ||
| 020 | _a9789801237679 | ||
| 035 | _aUPN01000215820 | ||
| 049 | _aCG | ||
| 050 | 4 |
_aPQ8549 C6.7 _bH5.7 |
|
| 100 | 1 |
_aCottin, Menena _932663 |
|
| 245 | 1 | 0 |
_aHistorias ajenas / _cMenena Cottin. |
| 260 |
_aCaracas : _bExlibris, _c2009. |
||
| 300 |
_a85 p. : _bil. |
||
| 650 | 4 |
_aLITERATURA VENEZOLANA _914541 |
|
| 650 | 2 |
_aHUMORISMO Y AGUDEZAS _93034 |
|
| 650 | 2 |
_aDrama _912952 |
|
| 905 | _aLibro | ||
| 999 |
_c187920 _d187920 |
||